000 00290nam a2200121Ia 4500
008 241028s9999 xx 000 0 und d
041 _aeng
082 _a591.5 CON
100 _aO Connell
245 _aDont Feed The Ducks
260 _bLiamoconnell
_aEurope
_c2007
300 _a184;. P. 21 cm
999 _c42919
_d42919